why'd you have to call - Freya Skye - Statistics

General Stats
  • This quiz has been taken 65 times
  • The average score is 254 of 318
Answer Stats
Answer % Correct
to
100%
you
100%
be
97%
I
97%
that
97%
a
94%
car
94%
go
94%
Come
91%
do
91%
in
91%
my
91%
terms
91%
why'd
91%
your
91%
drive
88%
have
88%
of
88%
parked
88%
was
88%
call
85%
on
85%
the
85%
by
82%
can
82%
goes
82%
gonna
82%
so
82%
don't
79%
get
79%
now
79%
when
79%
about
76%
ain't
76%
all
76%
baby
76%
cry
76%
every
76%
fades
76%
gettin
76%
heart
76%
how
76%
isn't
76%
just
76%
see
76%
smell
76%
story
76%
talk
76%
time
76%
wantin
76%
without
76%
always
73%
back
73%
cause
73%
doesn't
73%
myself
73%
passin
73%
proved
73%
slowly
73%
stop
73%
this
73%
wash
73%
902
70%
away
70%
care
70%
clothes
70%
fall
70%
fear
70%
friends
70%
i'm
70%
it
70%
places
70%
at
67%
even
67%
finally
67%
from
67%
healed
67%
imagine
67%
like
67%
oh
67%
phone
67%
pick
67%
salt
67%
since
67%
skip
67%
songs
67%
tellin
67%
up
67%
can't
64%
cravin
64%
one
64%
radio
64%
kind
61%
our
61%
own
61%
picked
61%
reaction
61%
sick
61%
thursday
61%
we'd
61%
wound
61%
you're
61%
alone
58%
are
58%
doin
58%
know
58%
me
58%
or
58%
satisfaction
58%
scared
58%
some
58%
they're
58%
yeah
58%
again
55%
good
55%
it's
55%
knowin
55%
miss
55%
over
55%
sense
55%
started
55%
mm
36%
No matching quizzes found
Score Distribution
Percent of People with Each Score
Percentile by Number Answered
Your Score History
You have not taken this quiz